Score 0/24 Timer 03:00
0 Plays Today
Mixed Word Herb or Spice % Correct
LIDLDill
99.5%
NIMTMint
99.1%
GASESage
97.9%
GGINERGinger
97.6%
YHTMEThyme
97%
PARPKIAPaprika
96.8%
EPREPPPepper
96.7%
YAB ELVAESBay Leaves
96.4%
INMCUCumin
94.4%
SAPLREYParsley
93.3%
SABLIBasil
90.9%
LVOCESCloves
90.8%
Mixed Word Herb or Spice % Correct
HCESIVChives
89.5%
SAMESE EDSESesame Seed
88.7%
CAMONINNCinnamon
84%
OOANEGROregano
82.8%
ENDLAVERLavender
79.8%
RONSAFFSaffron
76.7%
ASBIWAWasabi
76.4%
NELFENFennel
76.1%
RIANDECORCoriander
74.9%
NMUGETNutmeg
66.1%
SEAMRYRORosemary
60.2%
CPASLLIEAllspice
13%

You're not logged in!

Compare scores with friends on all Sporcle quizzes.
OR
Log In

Sporcle TV

Today on Sporcle TV


Watch our educational content, quiz creation guides, and fun videos on Sporcle TV.

Show Comments

Extras

Top Quizzes Today


Score Distribution

Paid Content

Your Account Isn't Verified!

In order to create a playlist on Sporcle, you need to verify the email address you used during registration. Go to your Sporcle Settings to finish the process.

Report this User

Report this user for behavior that violates our Community Guidelines.

Details: